000 00659nam a2200229Ia 4500
003 OSt
005 20220918231046.0
006 a|||||r|||| 00| 0
007 ta
008 220917b |||||||| |||| 00| 0 eng d
024 _a262,777
037 _cTextual
040 _aARTS
_cARTS
_beng
041 _2eng
_aeng
082 _aR625x3:1, 15H4;J4.1
100 _aVedantatirtha Narendrachandra Ed.
_9153713
245 0 _aNyayakusmanjali
260 _aCalcutta
_bUniversity of Calcutta 1954
_c1971
650 _aPHILOSOPHY
942 _hR625x3:1, 15H4;J4.1
_cTEXL
_2CC
999 _c289685
_d289685